00493 2200181 4500001002100000005001500021008004100036020002200077035001900099041000700118082001000125090001600135100002500151245006300176260002600239300001900265650002700284INLIS00000000001491420241224114833241224||||||||| | ||| |||| || |  a978-602-8767-24-8 0010-1224014914 aid0 a570.7 a570.7 DIA c0 aDian Malini Oktovina00aCONTEKAN RUMUS BIOLOGI ALA BIMBEL Paling Lengkap Untuk SMA aBandungbHikmahc2010 a212hlm;12x19cm 0aILMU TENTANG KEHIDUPAN